Ye Olde Cheshire Cheese Ltd v Daily Telegraph plc and others (Record no. 13725)

MARC details
000 -LEADER
fixed length control field 01345cab a2200193 4500
001 - CONTROL NUMBER
control field ABS39991
008 - FIXED-LENGTH DATA ELEMENTS--GENERAL INFORMATION
fixed length control field 090401t1988 xxu||||| |||| 00| 0 eng d
035 ## - SYSTEM CONTROL NUMBER
System control number (Sirsi) u20488
041 ## - LANGUAGE CODE
Language code of text/sound track or separate title eng
245 ## - TITLE STATEMENT
Title Ye Olde Cheshire Cheese Ltd v Daily Telegraph plc and others
260 ## - PUBLICATION, DISTRIBUTION, ETC.
Date of publication, distribution, etc. 1988
350 ## - PRICE (NR) (BK AM CF MU VM SE) [OBSOLETE]
Price 0
490 ## - SERIES STATEMENT
Series statement Weekly Law Reports
Volume/sequential designation (1988) WLR 1173-1180(8)
520 ## - SUMMARY, ETC.
Summary, etc. ChD 4 May 1988 An originating summons brought by the tenant Ye Olde Cheshire Cheese (C) against the landlords Daily Telegraph and others (D) under Landlord and Tenant Act 1954 claiming a new tenancy of two cellars beneath premises adjoining C. The issue was whether the cellars were protected as business premises under Part II of the 1954 Act or whether they were excluded by section 43 by reason of being licensed premises . ChD held that the two cellars were included in a tenancy of part of the premises which were licensed since they were part of the Cheshire Cheese licence. The Cheshire Cheese was structurally adapted as a restaurant . It was conceded that a substantial proportion of business was attributable to non-alcoholic sales. Accordingly, the cellars were protected by the Landlord and Tenant Act 1954 Part II .
650 ## - SUBJECT ADDED ENTRY--TOPICAL TERM
Topical term or geographic name entry element BUSINESS TENANCIES
690 ## - LOCAL SUBJECT ADDED ENTRY--TOPICAL TERM (OCLC, RLIN)
Topical term or geographic name as entry element LANDLORD AND TENANT-CASE LAW-BUSINESS TENANCIES
942 ## - ADDED ENTRY ELEMENTS (KOHA)
Suppress in OPAC 0
948 ## - LOCAL PROCESSING INFORMATION (OCLC); SERIES PART DESIGNATOR (RLIN)
c (OCLC) 04/03/1997
Holdings
Withdrawn status Lost status Source of classification or shelving scheme Damaged status Not for loan Home library Current library Shelving location Date acquired Total Checkouts Full call number Barcode Date last seen Copy number Price effective from Koha item type
    Dewey Decimal Classification     London London Journal article 14/09/1999   ABS39991 20488-1001 06/08/2019 1 06/08/2019 Law report